Leales amigos y temibles enemigos

Saved in:
Bibliografiske detaljer
Hovedforfatter: Kennedy, Robert F (Author)
Format: Bog
Sprog:spansk
Udgivet: Ciudad de México Libreros Mexicanos Unidos 1963
Fag:
Tags: Tilføj Tag
Ingen Tags, Vær først til at tagge denne postø!

MARC

LEADER 00000nam a2200000 a 4500
001 UCT8714
003 CL-VaPUC
008 970326e19630000MX |||||||||||||||||spa|d
082 0 4 |a 327.730  |b KEN  |2 21 
100 |a Kennedy, Robert F  |e author  |9 442974 
245 1 0 |a Leales amigos y temibles enemigos 
300 |a 191 p 
942 |c BK 
945 |d 19970326 00:00:00  |a paguirre 
260 |a Ciudad de México  |b Libreros Mexicanos Unidos  |c 1963 
650 0 |a Política internacional  |9 255813 
650 0 |a Relaciones Internacionales  |9 255740 
650 0 |a Diplomacia  |9 256483 
650 0 |a Negociaciones internacionales  |9 358691 
651 0 |a Estados Unidos  |9 255178 
583 |a last modification  |c 19970326 00:00:00  |k Rodrigo Vera 
999 |c 257200  |d 257198 
952 |0 0  |1 0  |4 0  |6 327_730000000000000_KEN_1963  |7 0  |8 A  |9 280478  |a BIBDER  |b BIBDER  |d 2019-11-19  |i 1815725  |o 327.730 KEN 1963  |p 1815725  |r 2023-01-25  |w 2019-11-19  |y BK  |k DER